000 00679nam a2200241 4500
003 OSt
005 20260530115307.0
008 260505b1996 |||||||| |||| 00| 0 spa d
040 _aICI
_bspa
_cICI
050 _aNK1170
_bD57
100 1 _aQVID
_932146
245 1 0 _aDiseño Chileno 1996
264 1 _bAsoc. Chiulena de Empresas de Diseño
_c1996
300 _a200 páginas
336 _atexto
_2rdacontent
337 _asin medio
_2rdamedia
338 _avolumen
_2rdacarrier
650 _aDiseño industrial
_zChile.
650 _aDiseño gráfico
_zChile
650 _aDiseñadores
_zChile.
_932149
651 _aChile
_xCondiciones culturales
_932150
942 _2lcc
_cBK
_n1
999 _c13137
_d13137